000 00340nam a2200145Ia 4500
008 230718s9999 xx 000 0 und d
041 _aEng.
082 _a346.42
_bSHA-I
100 _aShakeel,Ahme`d
245 0 _aInterpretation of status
260 _aPakistan
_bAl.shams law book
_c2010
300 _a519
650 _aLaw
999 _c30260
_d30260